| 000 | 00974pam a2200277 a 4500 | ||
|---|---|---|---|
| 001 | 2127865 | ||
| 003 | OSt | ||
| 005 | 20140310181722.0 | ||
| 008 | 971230s1998 maua 000 0 eng | ||
| 010 | _a 97053299 | ||
| 020 | _a1883823242 | ||
| 040 |
_aDLC _cDLC _dDLC |
||
| 050 | 0 | 0 |
_aHD 58.82 _b.H88 1998 |
| 082 | 0 | 0 |
_aIB 658.406 _bH97 1998 |
| 100 | 1 |
_aHutchens, David, _d1967- |
|
| 245 | 1 | 0 |
_aOutlearning the wolves : _bsurviving and thriving in a learning organization / _cDavid Hutchens ; illustrated by Bobby Gombert. |
| 260 |
_aWaltham, MA : _bPegasus Communications, _cc1998. |
||
| 300 |
_a64 p. : _bill. ; _c21 cm. |
||
| 521 | _bLexile | ||
| 562 | _eFor circulation. 1 copy in the collection | ||
| 650 | 0 |
_aOrganizational learning _xProblems, exercises, etc. |
|
| 906 |
_a7 _bcbc _corignew _d1 _eocip _f19 _gy-gencatlg |
||
| 942 |
_2lcc _cBK |
||
| 999 |
_c2019 _d2019 |
||